00460 a2200169 450000500170000002000220001708200150003910000150005424500540006925000120012326000370013530000290017270000300020170000240023170000150025570000200027020250613091919.0 a978-0-07-353059-8 a658.15 ROS aROSS, A. S aCorporate Finance: Core Principles & Applications a6th Ed. aBostonbMcGraw-Hill Irwinc2007. axxi, 672p.bIndexc26 cm aRandolph W. Westerfield,  a Bradford D. Jordan a J. Jaffe aJeffrey F. Jaff